00351nam a2200145Ia 4500008004000000020001800040041000800058082001600066100001800082245002200100260004400122300001300166650001400179650001200193210210b2019 xxu||||| |||| 00| 0 eng d a9789388754293 aeng a820.33 KANA aKANE (Kavita) aAhalyas awakening aChennaibWestland books pvt ltd.,c2019 aviii,349 aawakening aAhalyas